00321nam a2200097Ia 4500008004100000050002100041245007500062260003700137300001700174650003200191151021s9999 xx 000 0 und d aHC 865.K47 2013  a_Nandi County Development Profile ministry of devolution and planning  aNairobi Government printer 2013  axviii,113p.  a_County mission and vision